ملامح مكتبات المستقبل : (رقم التسجيلة. 144658)

تفاصيل مارك
000 -الفاتح
عناصر البيانات ثابتة الطول 00718cam a2200193 i 4500
005 - تاريخ ووقت آخر معاملة
حقل ضبط 20251108175900.0
008 - عناصر البيانات ثابتة الطول
عناصر البيانات ثابتة الطول 250721s2023 jo a gr 000 0 ara d
020 ## - الترقيم الدولي المعياري للكتب (ردمك)
الترقيم الدولي المعياري للكتب (ردمك) 9789923004302
082 14 - رقم تصنيف ديوي العشري
رقم التصنيف 025.00285
رقم المادة م ص ل
100 1# - مدخل رئيسي – اسم شخصي
الاسم الشخصي مصلح، وسام
علاقة الشخص بالعمل/ دوره مؤلف.
245 10 - بيان العنوان
العنوان ملامح مكتبات المستقبل :
بقية العنوان دراسات وابحاث/
بيان المسؤولية تأليف و اعداد الدكتور وسام مصلح.
264 1# - بيانات النشر، التوزيع…إلخ
مكان النشر، التوزيع...إلخ عمان :
اسم الناشر، الموزع...إلخ عصفور للنشر و التوزيع،
تاريخ النشر، التوزيع...إلخ 2023.
300 ## - الوصف المادي
عدد الوحدات المكونة للوعاء 244 صفحة.
650 17 - مدخل إضافي بالموضوع - مصطلح موضوعي
مصطلح موضوعي أو اسم جغرافي كعنصر مدخل علم المكتبات.
650 17 - مدخل إضافي بالموضوع - مصطلح موضوعي
مصطلح موضوعي أو اسم جغرافي كعنصر مدخل تكنولوجيا المعلومات.
650 17 - مدخل إضافي بالموضوع - مصطلح موضوعي
مصطلح موضوعي أو اسم جغرافي كعنصر مدخل اتمتة المكتبات.
942 ## - بيانات إضافية (كوها)
نوع التنصيف Dewey Decimal Classification
نوع المادة (كوها) كتب
المقتنيات
حالة السحب حالة الفقدان مصدر التصنيف حالة التلف غير قابل للإعارة المكتبة الرئيسية المكتبة الحالية موقع الرف تاريخ التزويد الرقم المتسلسل Total Checkouts رقم الإستدعاء الباركود تاريخ آخر ظهور تاريخ الفاتورة نوع المادة (كوها)
    Dewey Decimal Classification     المكتبة المركزية المكتبة المركزية الإعارة 28/07/2025 1779082   025.00285 / م ص ل PLD00504718 28/07/2025 28/07/2025 كتب
    Dewey Decimal Classification     مكتبة الجويدة مكتبة الجويدة الإعارة 17/07/2023 1779083   025.00285/مصل PLD00504731 28/07/2025 17/07/2023 كتب
    Dewey Decimal Classification     مكتبة حمزة العامة مكتبة حمزة العامة الإعارة 17/07/2023 1779084   025.00285/مصل PLD00504732 28/07/2025 17/07/2023 كتب
Implemented & Customized by: BBB with SCIT (Smart Chains for Information Technology)

Powered by Koha